000 01292nam a2200325Ia 4500
001 ebr10449806
003 CaPaEBR
006 m u
007 cr cn|||||||||
008 080524s2008 enka s 001 0 eng d
020 _z1847192807 (pbk.)
020 _z9781847192806 (pbk.)
040 _aCaPaEBR
_cCaPaEBR
035 _a(OCoLC)303636810
050 1 4 _aTK5105.888
_b.S47 2008eb
100 1 _aSharma, Mayank.
245 1 0 _aElgg social networking
_h[electronic resource] :
_bcreate and manage your own social network site using this free open-source tool /
_cMayank Sharma.
260 _aBirmingham, UK :
_bPackt,
_c2008.
300 _avi, 179 p. :
_bill.
490 1 _aFrom technologies to solutions
500 _aIncludes index.
533 _aElectronic reproduction.
_bPalo Alto, Calif. :
_cebrary,
_d2011.
_nAvailable via World Wide Web.
_nAccess may be limited to ebrary affiliated libraries.
650 0 _aOnline social networks.
650 0 _aWeb site development.
650 0 _aWorld Wide Web
_xSocial aspects.
655 7 _aElectronic books.
_2local
710 2 _aebrary, Inc.
830 0 _aFrom technologies to solutions.
856 4 0 _uhttp://site.ebrary.com/lib/rucke/Doc?id=10449806
_zAn electronic book accessible through the World Wide Web; click to view
999 _c248658
_d248658